[Event "Twente Young Master op-D"]
[Site "Twente"]
[Date "2007.08.11"]
[Round "13"]
[White "Thoma, Sophia"]
[Black "Van Scheltinga, Philip"]
[Result "1-0"]
[WhiteElo "1545"]
[BlackElo "1534"]
[PlyCount "25"]
[EventDate "2007.08.06"]
[EventType "swiss"]
[EventRounds "13"]
[EventCountry "NED"]
[SourceTitle "EXT 2008"]
[Source "ChessBase"]
[SourceDate "2007.11.25"]
[SourceVersion "1"]
[SourceVersionDate "2007.11.25"]
[SourceQuality "1"]

1. e4 e5 2. Nf3 Nc6 3. d4 exd4 4. Bc4 Nf6 5. 0-0 Bc5 6. e5 d5 7. exf6 dxc4 8. Re1+ Be6 9. fxg7 Rg8 10. Bg5 Qd5 11. Nc3 Qf5 12. Ne4 Bb6 13. Nf6+ 1-0

[Event "Twente Young Master op-D"]
[Site "Twente"]
[Date "2007.08.09"]
[Round "8"]
[White "Van Scheltinga, Philip"]
[Black "Borkent, Daniel"]
[Result "0-1"]
[WhiteElo "1534"]
[BlackElo "1264"]
[PlyCount "62"]
[EventDate "2007.08.06"]
[EventType "swiss"]
[EventRounds "13"]
[EventCountry "NED"]
[SourceTitle "EXT 2008"]
[Source "ChessBase"]
[SourceDate "2007.11.25"]
[SourceVersion "1"]
[SourceVersionDate "2007.11.25"]
[SourceQuality "1"]

1. e4 e6 2. d4 d5 3. exd5 exd5 4. c4 c6 5. Nc3 Bb4 6. Nf3 Qa5 7. Bd2 Nf6 8. Be2 0-0 9. 0-0 Bg4 10. a3 Bxc3 11. Bxc3 Qc7 12. cxd5 Nxd5 13. h3 Bh5 14. Bd2 Nd7 15. Rc1 N7f6 16. Bc4 Rad8 17. Bg5 Rd7 18. Qd3 h6 19. Bh4 Nf4 20. Qc3 Ne4 21. Qe1 Bxf3 22. gxf3 Ng5 23. Bxg5 Nxh3+ 24. Kg2 Nxg5 25. Rh1 Qf4 26. Rc3 Rxd4 27. Bb3 Rd6 28. Qe7 Rg6 29. Bc2 Ne4+ 30. Kf1 Qc1+ 31. Bd1 Qxd1# 0-1